00807nam a2200217Ii 45000010005000000030009000050080041000140200015000550400033000700410008001030820016001112450094001272640072002213000012002933360026003053370028003313380027003599400050003869990017004369520136004533425CO-ViMGA241108s9999||||xx |||||||||||||| ||und|| a9586430006 aCO-ViMGAbspaerdacCO-ViMGA0 aspa04a327.86 R38210aRelaciones diplomáticas de Colombia y la Nueva Granada:bTratados y convenios 1811-1856 1aBogotá, Colombia : Fundación Francisco de Paula Santander, 1993 avolumen atextbtxt2rdacontent aunmediatedbn2rdamedia avolumebnc2rdacarrier aidficha_siabuc: 3341. -- ficha_no_siabuc:3425 c48059d48059 001040708001aMEVIGERRbMEVIGERRcGENd2006-11-27o327.86 R382pECA19170r2024-11-26 09:49:55tEj.1w2024-11-26yBKz3341 | 4941